| 000 | 00393pab a2200157 454500 | ||
|---|---|---|---|
| 008 | 180718b2007 xxu||||| |||| 00| 0 eng d | ||
| 100 | _aSebastian, P. A. | ||
| 245 | _aDeath sentence to Saddam Hussein | ||
| 260 | _c2007 | ||
| 300 | _ap.5311-312. | ||
| 362 | _a30 Dec | ||
| 650 | _aPenal sanctions | ||
| 650 | _aHussein, Saddam | ||
| 773 | _aEconomic and Political Weekly | ||
| 909 | _a72612 | ||
| 999 |
_c72612 _d72612 |
||